📖 150 premiers mots "Les Aérostats" Amélie Nothomb - Statistiques

Statistiques générales
  • Ce quiz a Ă©tĂ© pris 14 fois
  • Le rĂ©sultat moyen est 79 sur 150
Statistiques - réponses
Mots % Correct
d'
100%
Donate
100%
J'
100%
le
100%
Ă 
91%
- Ah
91%
c'
91%
Il
91%
il
91%
la
91%
m'
91%
ma
91%
n'
91%
te
91%
ai-
82%
ai
82%
elle.
82%
Elle
82%
- Et
82%
Je
82%
je
82%
- Je
82%
me
82%
pas
82%
pas.
82%
tu
82%
- Tu
82%
ce
73%
de
73%
en
73%
est
73%
- Mais
73%
mais
73%
- On
73%
par
73%
pour
73%
Qu'
73%
qu'
73%
dans
64%
des
64%
dit-
64%
fait ?
64%
ne
64%
que
64%
un
64%
as
55%
mĂŞme.
55%
Ni
55%
ni
55%
Ses
55%
sur
55%
une
55%
toi-
45%
alors ?
36%
eau
36%
oui.
36%
rien.
36%
savais
36%
touché
36%
veux-
36%
voir.
36%
avais
27%
Comment
27%
encore
27%
faut
27%
part
27%
sol,
27%
tout
27%
vivre.
27%
allai
18%
comprends
18%
compte
18%
flaque
18%
mien.
18%
cheveux
9%
dix-neuf ...
9%
laisse
9%
rendes
9%
savoir-
9%
accordéon ?
0%
appartenait
0%
appelais
0%
apprendrait.
0%
bains
0%
berlingot
0%
bonde.
0%
catégorie
0%
douche.
0%
état,
0%
étiré
0%
gens
0%
honte.
0%
Manifestement,
0%
manquais
0%
offensés.
0%
- Pardon!
0%
perpétuellement
0%
plongeaient
0%
refermai
0%
refermé
0%
rejoignit
0%
reproches
0%
rideau
0%
salle
0%
sèche
0%
shampoing.
0%
simplement
0%
soupirant.
0%
tel
0%
Aucun quiz correspondant
Distribution des résultats
% des personnes avec chaque résultat
Percentile par nombre de réponses
Votre historique - résultats
Vous n’avez pas pris ce quiz